Re-investing the Corporation (Record no. 602)
[ view plain ]
| 000 -LEADER | |
|---|---|
| fixed length control field | 00318nam a22001337a 4500 |
| 003 - CONTROL NUMBER IDENTIFIER | |
| control field | OSt |
| 005 - DATE AND TIME OF LATEST TRANSACTION | |
| control field | 20160727222403.0 |
| 008 - FIXED-LENGTH DATA ELEMENTS--GENERAL INFORMATION | |
| fixed length control field | 160623b xxu||||| |||| 00| 0 eng d |
| 040 ## - CATALOGING SOURCE | |
| Transcribing agency | TEST |
| 100 ## - MAIN ENTRY--PERSONAL NAME | |
| 9 (RLIN) | 751 |
| Personal name | Naisbitt, J |
| 245 ## - TITLE STATEMENT | |
| Title | Re-investing the Corporation |
| 300 ## - PHYSICAL DESCRIPTION | |
| Extent | Re-investing the Corporation |
| 942 ## - ADDED ENTRY ELEMENTS (KOHA) | |
| Source of classification or shelving scheme | Dewey Decimal Classification |
| Koha item type | BOOK |
| Withdrawn status | Lost status | Source of classification or shelving scheme | Damaged status | Not for loan | Home library | Current library | Shelving location | Date acquired | Total Checkouts | Full call number | Barcode | Date last seen | Date last checked out | Price effective from | Koha item type |
|---|---|---|---|---|---|---|---|---|---|---|---|---|---|---|---|
| Dewey Decimal Classification | Good Samaritan School Library | Good Samaritan School Library | FICTION | 06/23/2016 | 1 | 823 | NAI835 | 02/01/2019 | 01/25/2019 | 06/23/2016 | BOOK |